Statistiques concernant Magical Starsign Culture Générale : Gren

Cliquez ici pour prendre le quiz!

Statistiques générales

  • Ce quiz a été pris 2 fois
  • Le résultat moyen est 5 sur 20

Statistiques - réponses

QuestionRéponse% Correct
Quelle est le nom de la rivière qui coule dans la Jungle Carbonara ?Rivière Mollusque
100%
Combien d'ennemis d'élément Feu sont affrontables sur Gren (Boss et Mode Ami inclus) ?2
50%
Quel coup maîtrisé uniquement par les Fleuranha, les Poisson-rideau (Mode Ami) et le Poisson paon consiste à mordre la cible tout en approchant de cette dernière tel un serpent ?Aquamorsure
50%
Quel est le nom de la voyante de Tropica ?Didgeridoo
50%
Afin d'arrêter l'incendie qui menace Gren, nos héros utilisent leur magie élémentaire à tour de rôle, lequel ? (les magies sont rangées par ordre croissant d'utilisation)Eau-Terre-Vent-Bois
50%
Lors de l'arrivée du groupe de magiciens à Assam on assiste à une scène entre Pico (héros du Feu), Sorbet (héros de l'eau) et un pirate. Quelle appellation Pico donne à Sorbet ?Ma copine
50%
Pour quelle raison, une salamandre veut que vous éliminiez les Totems Explosifs bloquant l'accès à la Cave à Salamandres ?Pour ne pas être en retard à son rencard.
50%
Lors de la première partie du jeu sur Gren, au sud d'Assam, vous pouvez surprendre une scène entre un gardien d'Assam et le Seigneur Crokmonsieur, quel surnom donne le gardien à ce dernier ?Seigneur Crokmesgenoux
50%
Quel est le nom de cet objet principalement obtenable par les ennemis de Gren qui régénère 50 PV à celui qui le consomme ?Sève de baobab
50%
Combien de Gastérocoque peut-on affronter au Saint-arbre Mâche ?2
0%
Combien d'attaques en tout possède Rastarbre (boss du Saint-arbre Mâche) ?4
0%
En incluant le Mode Ami, quel est le niveau le plus bas qu'il est possible d'observer sur un ennemi de Gren ?8
0%
Sur Gren, il est possible de trouver dans un coffre à trésor, l'objet "Coffre" qui se situe alors dans la poche Autres des Objets. Pour combien peut-il se vendre ?98 B
0%
Quel est le nom du villageois le plus souvent en compagnie de Flageolet ?Banjo
0%
Sur quelle planète est-il possible d'entendre une personne parlant du fait que l'on puisse trouver plein de queues sur Gren ?Cassia
0%
Laquelle de ces propositions concernant Gren est la seule à être incorrecte ? Note : dans cette question seules les planètes dotées d'un élément sont considérées (allant donc de Erd à Shadra, on exclus ainsi Kovomaka)Gren est la seule planète sur laquelle on ne voit aucun membre de la Police Sidérale
0%
Il est possible d'obtenir le Chapeau Feuille de deux manières sur Gren. Premièrement, on peut l'obtenir par la Chauve-diable mais quelle est l'autre manière ?Le chapeau est obtenable dans un coffre du Saint-arbre Mâche
0%
Quel objet faisant parti de la série d'objets "Chat" (catégorie fournissant un bonus de vélocité) est trouvable chez la voyante de Tropica ?Oreilles de chat
0%
Dans le Hall aux loutres (boutique d'Assam), quel objet côute le plus cher ?Robe Luisante
0%
Complétez cette phrase donnant accès au Saint-arbre Mâche : " Les loutres et les félins ...sont enterrés "
0%

Distribution des résultats

Percentile par nombre de réponses

% des personnes avec chaque résultat

Votre développement - résultats

Vous n’avez pas pris ce quiz